Statistics for Seas of the World

Click here to take the quiz!

General Stats

  • This quiz has been taken 100,457 times
    (81,319 since last reset)
  • The average score is 37 of 100

Answers on the Map

Answers color-coded by a green-red scale on the quiz's map according to % correct below.
 

Answer Stats

Body of Water% Correct
Atlantic Ocean
93%
Pacific Ocean
93%
Indian Ocean
92%
Mediterranean Sea
88%
Red Sea
88%
Black Sea
87%
Gulf of Mexico
83%
North Sea
83%
Caribbean Sea
82%
Arctic Ocean
78%
Sea of Japan
78%
Baltic Sea
77%
Caspian Sea
75%
South China Sea
68%
Adriatic Sea
66%
Gulf of Panama
64%
Aegean Sea
62%
Tasman Sea
62%
Arabian Sea
61%
Bay of Bengal
61%
Bering Sea
61%
Persian Gulf
61%
English Channel
59%
Hudson Bay
56%
Hudson Strait
56%
Irish Sea
53%
Gulf of California
51%
Bay of Biscay
48%
Gulf of Guinea
48%
Yellow Sea
47%
East China Sea
46%
Greenland Sea
44%
Gulf of Alaska
44%
Philippine Sea
44%
Gulf of Suez
41%
Norwegian Sea
41%
San Francisco Bay
40%
Java Sea
39%
Coral Sea
37%
Great Australian Bight
37%
Gulf of Aden
35%
Ionian Sea
35%
Mozambique Channel
35%
Gulf of Thailand
34%
Baffin Bay
33%
Gulf of Finland
33%
Gulf of Oman
33%
Andaman Sea
32%
Labrador Sea
31%
Tyrrhenian Sea
30%
White Sea
30%
Balearic Sea
29%
Sea of Azov
28%
Celebes Sea
27%
Gulf of St. Lawrence
27%
Gulf of Bothnia
26%
Río de la Plata
26%
Sea of Marmara
25%
Timor Sea
25%
Barents Sea
24%
Celtic Sea
24%
Strait of Malacca
24%
{Northwestern}
Passages
23%
Salish Sea
23%
Sea of Okhotsk
23%
Ligurian Sea
22%
Bay of Fundy
21%
Solomon Sea
20%
Cook Strait
19%
Gulf of Riga
19%
Kara Sea
19%
Beaufort Sea
17%
East Siberian Sea
17%
Gulf of Maine
17%
Gulf of Tonkin
16%
Laccadive Sea
16%
Laptev Sea
16%
Tokyo Bay
16%
Bass Strait
15%
Bismarck Sea
15%
Chukchi Sea
15%
Kattegat
15%
Arafura Sea
14%
Banda Sea
14%
Gulf of Aqaba
14%
Gulf of Carpentaria
14%
Skagerrak
14%
Sulu Sea
14%
Alboran Sea
13%
Davis Strait
13%
Flores Sea
13%
Molukka Sea
11%
Strait of Makassar
11%
Ceram Sea
9%
Savu Sea
9%
Gulf of Anadyr
8%
Gulf of Boni
8%
Gulf of Tomini
8%
Halmahera Sea
8%
Pechora Sea
8%

Score Distribution

Percentile by Number Answered

Percent of People with Each Score

Your Score History

You have not taken this quiz since the last reset